Top 20 greatest Foo Fighters songs, as ranked by Kerrang - Statistics

General Stats
  • This quiz has been taken 123 times
  • The average score is 13 of 20
Answer Stats
Hint Answer % Correct
1. Everlong
97%
7. My Hero
89%
5. The Pretender
89%
11. Learn to Fly
87%
3. Monkey Wrench
87%
4. Best Of You
84%
2. All My Life
80%
16. Walk
76%
6. Big Me
75%
12. Times Like These
73%
14. Rope
67%
9. This Is A Call
63%
10. Stacked Actors
49%
18. Run
48%
20. I'll Stick Around
41%
8. Aurora
37%
15. Low
36%
17. White Limo
33%
19. Next Year
24%
13. Exhausted
19%
No matching quizzes found
Score Distribution
Percent of People with Each Score
Percentile by Number Answered
Your Score History
You have not taken this quiz